Los orígenes del totalitarismo / (Record no. 26028)

MARC details
000 -LEADER
campo de control de longitud fija 00785nam a2200241 i 4500
001 - NÚMERO DE CONTROL
campo de control 26028
003 - IDENTIFICADOR DE NÚMERO DE CONTROL
campo de control ES-MaACL
005 - FECHA Y HORA DE LA ÚLTIMA TRANSACCIÓN
campo de control 20260115063025.0
007 - CAMPO FIJO DE DESCRIPCIÓN FÍSICA--INFORMACIÓN GENERAL
campo de control de longitud fija t|
008 - DATOS DE LONGITUD FIJA--INFORMACIÓN GENERAL
campo de control de longitud fija 030107s1974 sp ||||1| spa d
100 1# - ENTRADA PRINCIPAL--NOMBRE DE PERSONA
Nombre de persona Arendt, Hannah,
Fechas asociadas al nombre 1906-1975
9 (RLIN) 242687
245 14 - MENCIÓN DEL TÍTULO
Título Los orígenes del totalitarismo /
Mención de responsabilidad, etc. Hannah Arendt ; [versión de Guillermo Solana].
260 ## - PUBLICACIÓN, DISTRIBUCIÓN, ETC.
Lugar de publicación, distribución, etc. [Madrid] :
Nombre del editor, distribuidor, etc. Taurus,
Fecha de publicación, distribución, etc. [1974]
300 ## - DESCRIPCIÓN FÍSICA
Extensión 618 p. ;
Dimensiones 24 cm.
490 1# - MENCIÓN DE SERIE
Mención de serie Ensayistas. Serie maior ;
Designación de volumen o secuencia 122
650 07 - PUNTO DE ACCESO ADICIONAL DE MATERIA--TÉRMINO DE MATERIA
Término de materia o nombre geográfico como elemento de entrada Totalitarismo
Fuente del encabezamiento o término embne
9 (RLIN) 17571
650 04 - PUNTO DE ACCESO ADICIONAL DE MATERIA--TÉRMINO DE MATERIA
Término de materia o nombre geográfico como elemento de entrada Imperialismo.
9 (RLIN) 13599
650 04 - PUNTO DE ACCESO ADICIONAL DE MATERIA--TÉRMINO DE MATERIA
Término de materia o nombre geográfico como elemento de entrada Antisemitismo.
9 (RLIN) 9857
700 1# - ENTRADA AGREGADA--NOMBRE PERSONAL
Nombre de persona Solana, Guillermo,
Fechas asociadas al nombre 1930-2004
9 (RLIN) 107067
830 0# - PUNTO DE ACCESO ADICIONAL DE SERIE-TÍTULO UNIFORME
Título uniforme Ensayistas. Serie maior ;
Designación de volumen o secuencia 122
9 (RLIN) 182833
852 ## - LOCALIZACIÓN
Ubicación ES-MaACL
Número de control de estantería E-6614
Sublocalización o colección R.91175
Holdings
Estatus retirado Estado de pérdida Estado de daño No para préstamo Biblioteca de origen Biblioteca actual Ubicación en estantería Fecha de adquisición Fuente de adquisición Total de préstamos Signatura topográfica completa Código de barras Visto por última vez Precio de reemplazo Tipo de ítem Koha
        Biblioteca del Ateneo de Madrid Biblioteca del Ateneo de Madrid Depósito 2 17/01/2008     E-6614 1026861 23/02/2023 23/02/2023 Libro impreso